00496nam a2200193 a 4500001001300000003000900013005001700022008004100039020000900080082001700089100002100106245006200127260002800189300000900217500003500226505001000261650001000271700002100281nice12345678IN_TiNIC20260116012917.0050524s1980 dela grp 000 0 eng  ac7000a294.561bJHA aJha, Akhileshwar aImprisoned Mindb Guru Shisya Tradition in Indian Culture aDelhibAmbika Pubc1980 a239p aincludes index and biblioraphy2 aIndex aGurus1 aJha, Akhileshwar